Statistics for Can you name the words that end in 'a' directly preceded by each letter of the alphabet?

Click here to take the quiz!

General Stats

  • This quiz has been taken 41 times
  • The average score is 19 of 26

Answer Stats

HintAnswer% Correct
La - The most popular ice cream flavourVanilla
95%
Ha - Hawaiian greetingAloha
93%
Ga - Her hits include Bad Romance and Poker FaceGaga
93%
Ka - Greek for 'I have found it'Eureka
88%
Wa - A US stateIowa
88%
Ya - Orange-fleshed tropical fruitPapaya
88%
Da - Jedi masterYoda
88%
Ma - A state of deep unconsciousnessComa
85%
Ea - Region or vicinityArea
83%
Na - Weed; ganjaMarijuana
80%
Ua - Central American nationNicaragua
80%
Oa - Pacific island nationSamoa
80%
Va - Explosive fate of a large starSupernova
80%
Ia - This infectious disease is treated with quinineMalaria
78%
Ja - One trained in ancient Japanese martial artsNinja
78%
Qa - Body-covering woman's garmentBurqa
71%
Za - Baked dough topped with sauce and cheesePizza
71%
Ta - Famous document of 1215Magna Carta
68%
Ca - Mouth organHarmonica
66%
Ba - A Canadian provinceManitoba
66%
Sa - Lightweight woodBalsa
61%
Pa - Galilean satellite of JupiterEuropa
56%
Fa - This labor leader vanished mysteriously in 1975Hoffa
56%
Ra - x^2 + 2x − 3 = (x+3) (x-1), for exampleAlgebra
54%
Aa - December HolidayKwanzaa
51%
Xa - Internet traffic websiteAlexa
15%

Score Distribution

Percentile by Number Answered

Percent of People with Each Score

Your Score History

You have not taken this quiz